Normal view MARC view

Entry Personal Name

Number of records used in: 1

001 - CONTROL NUMBER

  • control field: 14191

003 - CONTROL NUMBER IDENTIFIER

  • control field: dpl

005 - DATE AND TIME OF LATEST TRANSACTION

  • control field: 20100817104318.0

008 - FIXED-LENGTH DATA ELEMENTS

  • fixed length control field: 100817|||a|||||| | ||| d

040 ## - CATALOGING SOURCE

  • Original cataloging agency: dpl
  • Transcribing agency: dpl

100 ## - HEADING--PERSONAL NAME

  • Personal name: Datason, R.P.

670 ## - SOURCE DATA FOUND

  • Source citation: Work cat.: (dpl)35461: Datason, R.P., New light's LIC ADO (Apprentice Development Officers) exam guide /, 2011

670 ## - SOURCE DATA FOUND

  • Source citation: Work cat.: (dpl)35461: Datason, R.P., New light's LIC ADO (Apprentice Development Officers) exam guide /, 2011

© Delhi Public Library
Hit Counter
free hit counter